| 000 | 00845nam a22002297a 4500 | ||
|---|---|---|---|
| 005 | 20080617145953.0 | ||
| 008 | 080617t xxu||||| |||| 00| 0 eng d | ||
| 010 | _aENG-90332 | ||
| 020 |
_c385.00 _a8173813388 |
||
| 035 | _aEN-73866 | ||
| 037 | _bDBAD / PUB | ||
| 040 |
_aDPL _bEN |
||
| 082 | _a515.350285 | ||
| 100 | _aGhosh, Arun | ||
| 245 |
_aComputer solution of differential equations / _cby Arun Ghosh |
||
| 260 |
_aKolkata _bNew Central Book Agency _c2008(repr) |
||
| 270 |
_a8/1, Chintamoni Das Lane, _bKolkata _e700009 |
||
| 300 |
_ax, 395p. _c23 cm (Hb) |
||
| 500 | _aIncludes references | ||
| 942 |
_cEN _h515.350285 _2ddc _mGHO |
||
| 999 |
_c13749 _d13749 |
||